Rumpelstiltzkin [

Bibliographic Details
Format: Book
Published: s.l. : Hanna-Barbera , 1990
Subjects:

MARC

LEADER 00000cam a2200000 7i4500
001 0000000252
002 000000322
005 20021009.0
020 |a 000000322 
090 0 0 |a JF   |b RUM 
245 0 0 |a Rumpelstiltzkin [  |h video recording]   |c Hosted by Olivia Newton-John 
260 |a s.l. :   |b Hanna-Barbera ,   |c 1990 
300 |a 1 Video recording VHS (30 minutes) :   |b col.(PAL) 
500 |a Library has 1 copy 
650 0 0 |a Fairy tales   |x cartoons and caricatures 
999 |a PV0126   |b VIDEO   |c JUNIOR REFERENCE   |e PERPUSTAKAAN KOMUNITI PETALING JAYA